[Event "Muret op Seniors"]
[Site "Muret"]
[Date "2016.06.26"]
[Round "7"]
[White "Koenig, Joel"]
[Black "Peric, Slavisa"]
[Result "1/2-1/2"]
[WhiteElo "1857"]
[BlackElo "2173"]
[PlyCount "62"]
[EventDate "2016.06.20"]
[EventType "swiss"]
[EventRounds "7"]
[EventCountry "FRA"]
[SourceTitle "EXT 2017"]
[Source "ChessBase"]
[SourceDate "2016.10.25"]
[SourceVersion "1"]
[SourceVersionDate "2016.10.25"]
[SourceQuality "1"]

1. Nc3 d5 2. e4 d4 3. Nce2 e5 4. Nf3 f6 5. Ng3 Be6 6. Be2 Bd6 7. 0-0 Ne7 8. d3 c5 9. Bd2 Nbc6 10. a3 Qd7 11. Qc1 h5 12. h4 Bg4 13. Re1 a5 14. c3 a4 15. cxd4 cxd4 16. Qc2 Be6 17. Rac1 g6 18. Bd1 Kf7 19. Nh2 b5 20. Ne2 b4 21. axb4 Nxb4 22. Bxb4 Bxb4 23. Rf1 Rhc8 24. Qb1 Bd2 25. Rc2 Bh6 26. f4 exf4 27. Nxf4 Bb3 28. Rcf2 Kg7 29. Bxb3 axb3 30. Qd1 Rab8 31. g4 hxg4 1/2-1/2

[Event "Muret op Seniors"]
[Site "Muret"]
[Date "2016.06.24"]
[Round "5"]
[White "Germes, Alain"]
[Black "Koenig, Joel"]
[Result "0-1"]
[WhiteElo "2002"]
[BlackElo "1857"]
[PlyCount "104"]
[EventDate "2016.06.20"]
[EventType "swiss"]
[EventRounds "7"]
[EventCountry "FRA"]
[SourceTitle "EXT 2017"]
[Source "ChessBase"]
[SourceDate "2016.10.25"]
[SourceVersion "1"]
[SourceVersionDate "2016.10.25"]
[SourceQuality "1"]

1. d4 Nc6 2. Nf3 d5 3. Bf4 Nf6 4. e3 Bf5 5. Bb5 Bd7 6. 0-0 a6 7. Bxc6 Bxc6 8. Ne5 Bb5 9. Re1 a5 10. Nc3 Ba6 11. e4 e6 12. Bg5 Be7 13. Bxf6 gxf6 14. Nxf7 Kxf7 15. Qh5+ Kg7 16. exd5 Rg8 17. Rxe6 Kh8 18. Rae1 Rg7 19. d6 Qg8 20. g3 Bf8 21. Nd5 Rg5 22. Qf3 Rxd5 23. Qxd5 Bxd6 24. Qf5 Qg6 25. Rxf6 Qxf5 26. Rxf5 b6 27. h4 Kg7 28. Rg5+ Kf6 29. Re3 Bb7 30. c4 h6 31. Rg4 Kf5 32. Rg7 Kf6 33. Rh7 Kg6 34. Rd7 Bc6 35. Re6+ Kf5 36. Rdxd6 cxd6 37. Rxd6 Bf3 38. Rxb6 Re8 39. Kf1 Re2 40. Rb3 Kg4 41. Rc3 Rd2 42. Rc1 Rxd4 43. c5 Bc6 44. Ke2 Re4+ 45. Kf1 Rd4 46. b3 Rd2 47. Ke1 Rxa2 48. Rc4+ Kh3 49. Rf4 Kg2 50. Rf6 Bf3 51. c6 Re2+ 52. Kd1 Re6+ 0-1

[Event "Muret op Seniors"]
[Site "Muret"]
[Date "2016.06.20"]
[Round "1"]
[White "Le Digabel, Patrick"]
[Black "Koenig, Joel"]
[Result "0-1"]
[WhiteElo "1475"]
[BlackElo "1857"]
[PlyCount "108"]
[EventDate "2016.06.20"]
[EventType "swiss"]
[EventRounds "7"]
[EventCountry "FRA"]
[SourceTitle "EXT 2017"]
[Source "ChessBase"]
[SourceDate "2016.10.25"]
[SourceVersion "1"]
[SourceVersionDate "2016.10.25"]
[SourceQuality "1"]

1. e4 Nc6 2. Nf3 d5 3. exd5 Qxd5 4. d4 Bg4 5. Be2 e6 6. 0-0 Nf6 7. Nc3 Qh5 8. Bf4 0-0-0 9. Ne5 Bxe2 10. Qxe2 Qxe2 11. Nxe2 Nxe5 12. dxe5 Nh5 13. Be3 g6 14. f4 Ng7 15. Rad1 Be7 16. a3 Nf5 17. Bf2 h5 18. b4 h4 19. c3 a6 20. a4 Rxd1 21. Rxd1 Rd8 22. Rxd8+ Bxd8 23. Nd4 Nh6 24. h3 Kd7 25. Kf1 Be7 26. Nf3 Nf5 27. Nd4 Nxd4 28. Bxd4 Kc6 29. Ke2 b5 30. axb5+ Kxb5 31. Kd3 c5 32. bxc5 Bxc5 33. c4+ Kb4 34. Bc3+ Kb3 35. Be1 Be7 36. Kd4 Bd8 37. c5 a5 38. c6 a4 39. Bc3 a3 40. Kd3 a2 41. Ba1 Kb4 42. Kc2 Kb5 43. Kb3 Kxc6 44. Kxa2 Kd5 45. Bc3 Ke4 46. Bd2 Bb6 47. Be1 Kxf4 48. Bxh4 Kxe5 49. Be1 Kf4 50. Kb2 Ke3 51. g3 Ke2 52. Bc3 Bc7 53. g4 Kf3 54. Be1 Bg3 0-1

[Event "FRA-ch Seniors"]
[Site "Saint Quentin"]
[Date "2015.??.??"]
[Round "10"]
[White "Koenig, Joel"]
[Black "Giffard, Nicolas"]
[Result "0-1"]
[WhiteElo "1850"]
[BlackElo "2303"]
[PlyCount "92"]
[EventDate "2015.08.09"]
[EventType "swiss"]
[EventRounds "11"]
[EventCountry "FRA"]
[SourceTitle "EXT 2016"]
[Source "ChessBase"]
[SourceDate "2015.10.08"]
[SourceVersion "1"]
[SourceVersionDate "2015.10.08"]
[SourceQuality "1"]

1. Nc3 d5 2. e4 dxe4 3. Nxe4 Nd7 4. Bc4 e6 5. Qe2 Ngf6 6. Nf3 Nxe4 7. Qxe4 Nf6 8. Qe2 Be7 9. 0-0 0-0 10. b3 b6 11. Ne5 Bb7 12. Bb2 Qd6 13. Bd3 Qd5 14. Nf3 Rad8 15. Bc4 Qh5 16. Rad1 b5 17. Bd3 b4 18. Rfe1 Nd5 19. Qe5 Qh6 20. Qg3 Bd6 21. Be5 Nf4 22. Be4 Ba6 23. d3 f6 24. Bxd6 Rxd6 25. Nd2 Bc8 26. Bf3 Ra6 27. Re4 e5 28. Rxb4 Rxa2 29. Rc4 Rf7 30. Ne4 f5 31. Ng5 Re7 32. Re1 Qd6 33. h4 Bd7 34. h5 Bb5 35. Rxe5 Qxe5 36. Rxf4 Rxc2 37. d4 Qf6 38. Bd5+ Kh8 39. Qh4 h6 40. Nf7+ Rxf7 41. Bxf7 Qxf7 42. g4 Rc1+ 43. Kh2 Qd5 44. f3 Rc2+ 45. Kg3 Qd6 46. gxf5 Bf1 0-1

[Event "Montigny le Bretonneux op 13th"]
[Site "Montigny le Bretonneux"]
[Date "2014.10.23"]
[Round "6"]
[White "Rettore, Ludwig"]
[Black "Koenig, Joel"]
[Result "1-0"]
[WhiteElo "2135"]
[BlackElo "1829"]
[PlyCount "59"]
[EventDate "2014.10.18"]
[EventType "swiss"]
[EventRounds "9"]
[EventCountry "FRA"]
[SourceTitle "EXT 2016"]
[Source "ChessBase"]
[SourceDate "2015.10.08"]
[SourceVersion "1"]
[SourceVersionDate "2015.10.08"]
[SourceQuality "1"]

1. Nf3 Nc6 2. d4 d6 3. d5 Nb8 4. e4 Nf6 5. Bd3 g6 6. Nc3 Bg7 7. Be3 Nbd7 8. Qd2 Ng4 9. Bf4 h6 10. 0-0-0 g5 11. Bg3 Nde5 12. Be2 Nxf3 13. gxf3 Ne5 14. f4 Ng6 15. f5 Ne5 16. f4 Nd7 17. h4 gxf4 18. Bxf4 h5 19. Rdg1 Bf6 20. Rg2 Ne5 21. Rhg1 Ng4 22. Bxg4 hxg4 23. Rxg4 Kd7 24. h5 c5 25. dxc6+ Kc7 26. Nb5+ Kxc6 27. Qd5+ Kb6 28. Be3+ Ka6 29. e5 Qa5 30. Nc7+ 1-0

[Event "Montigny le Bretonneux op 13th"]
[Site "Montigny le Bretonneux"]
[Date "2014.10.20"]
[Round "3"]
[White "Koenig, Joel"]
[Black "Fruchard, Cyrille"]
[Result "0-1"]
[WhiteElo "1829"]
[BlackElo "2011"]
[PlyCount "74"]
[EventDate "2014.10.18"]
[EventType "swiss"]
[EventRounds "9"]
[EventCountry "FRA"]
[SourceTitle "EXT 2016"]
[Source "ChessBase"]
[SourceDate "2015.10.08"]
[SourceVersion "1"]
[SourceVersionDate "2015.10.08"]
[SourceQuality "1"]

1. Nc3 Nf6 2. e4 e5 3. f4 d5 4. fxe5 Nxe4 5. Nf3 Nxc3 6. dxc3 c5 7. Bb5+ Bd7 8. Bxd7+ Qxd7 9. 0-0 Be7 10. e6 Qxe6 11. Ng5 Qc6 12. Nxf7 0-0 13. Ne5 Rxf1+ 14. Qxf1 Qe6 15. Bf4 Nd7 16. Nxd7 Qxd7 17. Qe2 Bf6 18. Re1 Rf8 19. Bg3 Rf7 20. Qe8+ Qxe8 21. Rxe8+ Rf8 22. Rxf8+ Kxf8 23. Bd6+ Be7 24. Bxe7+ Kxe7 25. Kf2 Ke6 26. Ke3 Ke5 27. Kd3 Kf4 28. a4 b6 29. b3 a6 30. b4 a5 31. bxa5 bxa5 32. Kd2 Ke4 33. Ke2 c4 34. g3 g5 35. h3 h5 36. h4 gxh4 37. gxh4 Kf4 0-1

[Event "FRA-ch Seniors"]
[Site "Caen"]
[Date "2011.08.17"]
[Round "2"]
[White "Koenig, Joel"]
[Black "Ruiz, Richard"]
[Result "1/2-1/2"]
[WhiteElo "1874"]
[BlackElo "2106"]
[PlyCount "88"]
[EventDate "2011.08.16"]
[EventType "swiss"]
[EventRounds "11"]
[EventCountry "FRA"]
[SourceTitle "CBM 144 Extra"]
[Source "ChessBase"]
[SourceDate "2011.10.28"]
[SourceVersion "1"]
[SourceVersionDate "2011.10.28"]
[SourceQuality "1"]

1. d4 Nf6 2. Nf3 d6 3. Bg5 Ne4 4. Bf4 c5 5. e3 Qa5+ 6. c3 g6 7. Bd3 Nf6 8. Nbd2 Bg7 9. h3 0-0 10. 0-0 Nbd7 11. Qc2 Qc7 12. Rac1 a6 13. a4 Rb8 14. Ra1 b6 15. Rfc1 Bb7 16. Qb1 Rfe8 17. Bh2 Rbc8 18. b4 Rb8 19. Qa2 Bd5 20. Bc4 Bxc4 21. Nxc4 h6 22. Ncd2 Rbc8 23. a5 cxb4 24. axb6 Qxb6 25. cxb4 Nb8 26. Rc4 Qb7 27. Rac1 Nbd7 28. Qa5 Rxc4 29. Rxc4 Rc8 30. Rxc8+ Qxc8 31. b5 axb5 32. Qxb5 Qc1+ 33. Qf1 Qc2 34. g4 g5 35. Qc4 Qxc4 36. Nxc4 Ne4 37. Kf1 Kf8 38. Ke2 Ke8 39. Nfd2 Ndf6 40. Nxe4 Nxe4 41. f3 Nc3+ 42. Kd2 Nb5 43. Kd3 Kd7 44. Bg1 Nc7 1/2-1/2

[Event "Arco op 31st"]
[Site "Arco"]
[Date "2009.10.23"]
[Round "7"]
[White "Kern, Beat"]
[Black "Koenig, Joel"]
[Result "0-1"]
[WhiteElo "1673"]
[BlackElo "1884"]
[PlyCount "174"]
[EventDate "2009.10.17"]
[EventType "swiss"]
[EventRounds "9"]
[EventCountry "ITA"]
[SourceTitle "EXT 2010"]
[Source "ChessBase"]
[SourceDate "2010.11.25"]
[SourceVersion "1"]
[SourceVersionDate "2010.11.25"]
[SourceQuality "1"]

1. Nf3 Nc6 2. d4 d5 3. e3 Bg4 4. Be2 e6 5. 0-0 Bd6 6. Nbd2 Nf6 7. c4 0-0 8. a3 a5 9. h3 Bh5 10. c5 Be7 11. b3 b6 12. cxb6 cxb6 13. Bb2 Bd6 14. Rc1 Na7 15. Ne1 Bxe2 16. Qxe2 Qe7 17. a4 Rfb8 18. Nd3 b5 19. e4 dxe4 20. Nxe4 Nxe4 21. Qxe4 Ba3 22. Bxa3 Qxa3 23. Nc5 bxa4 24. Ra1 Qb2 25. Rfb1 Qd2 26. bxa4 Rd8 27. Rd1 Qg5 28. Rab1 Rac8 29. Qe3 Qd5 30. Nb3 Rc4 31. Qd2 Nc6 32. Rbc1 h6 33. Rxc4 Qxc4 34. Nxa5 Qxa4 35. Nxc6 Qxc6 36. Re1 Qd5 37. Qe3 Qxd4 38. Kf1 Qxe3 39. Rxe3 Rd2 40. g4 g5 41. Kg2 Kg7 42. Ra3 Kg6 43. Ra8 Rd7 44. Rb8 Rd6 45. Ra8 Kf6 46. Rh8 Kg7 47. Ra8 e5 48. Re8 Kf6 49. Kf3 Re6 50. Rh8 Kg7 51. Rd8 Rf6+ 52. Kg2 Rf4 53. f3 e4 54. fxe4 Rxe4 55. Kf3 Rf4+ 56. Kg3 Kg6 57. Rg8+ Kh7 58. Ra8 h5 59. Ra5 h4+ 60. Kg2 Kg6 61. Ra6+ Rf6 62. Ra8 Rb6 63. Rg8+ Kf6 64. Re8 Rb2+ 65. Kg1 Rb7 66. Kf2 Re7 67. Rg8 Re4 68. Kf3 Rf4+ 69. Kg2 Re4 70. Kf3 Re5 71. Kg2 Ke7 72. Ra8 Rd5 73. Kf3 f6 74. Rb8 Rd3+ 75. Kg2 Rd4 76. Kf3 Rf4+ 77. Kg2 Kd6 78. Re8 Kd5 79. Re7 Kd4 80. Re8 Re4 81. Rf8 Re6 82. Kf3 Re3+ 83. Kg2 Ke5 84. Re8+ Kf4 85. Rf8 Re2+ 86. Kg1 Kg3 87. Rxf6 Re1+ 0-1

[Event "Arco op 31st"]
[Site "Arco"]
[Date "2009.10.21"]
[Round "6"]
[White "Koenig, Joel"]
[Black "Pisani, Valerio"]
[Result "0-1"]
[WhiteElo "1884"]
[BlackElo "1789"]
[PlyCount "62"]
[EventDate "2009.10.17"]
[EventType "swiss"]
[EventRounds "9"]
[EventCountry "ITA"]
[SourceTitle "EXT 2010"]
[Source "ChessBase"]
[SourceDate "2010.11.25"]
[SourceVersion "1"]
[SourceVersionDate "2010.11.25"]
[SourceQuality "1"]

1. Nc3 d5 2. d4 Bf5 3. Nf3 e6 4. Bf4 a6 5. e3 Bd6 6. Bd3 Bg6 7. Bxg6 hxg6 8. Ne5 Nf6 9. Qd3 Nc6 10. 0-0-0 Bxe5 11. Bxe5 Nxe5 12. dxe5 Ng4 13. Rd2 Nxe5 14. Qd4 f6 15. e4 Nc6 16. Qc5 d4 17. f4 e5 18. Nd5 Qd7 19. g4 0-0-0 20. f5 Rh4 21. Re1 Rxg4 22. Rf2 gxf5 23. c4 fxe4 24. b4 b6 25. Qxc6 Qxc6 26. Ne7+ Kd7 27. Nxc6 Kxc6 28. a4 d3 29. Kd2 Rd4 30. Rc1 Rf4 31. Rg2 g5 0-1